| 000 | 01039nac a22003131u 4500 | ||
|---|---|---|---|
| 003 | EG-ScBUE | ||
| 005 | 20220210120934.0 | ||
| 008 | 200219s2006 nyu f 000 f eng d | ||
| 020 | _a0553212230 | ||
| 020 | _a9780553212235 | ||
| 035 | _a(CaONFCNI)uk5114109 | ||
| 040 |
_aEG-ScBUE _beng _erda _cEG-ScBUE _dEG-ScBUE |
||
| 082 | 0 | 4 |
_a823.8 _bDIC _222 |
| 100 | 1 |
_aDickens, Charles, _d1812-1870, _eauthor. _935484 |
|
| 245 | 1 | 0 |
_aBleak house / _cCharles Dickens ; with excerpts from his on bleak house by Vladimir Nabokov. |
| 264 | 1 |
_aNew York : _bBantam Book, _c2006. |
|
| 300 |
_axxxi, 936 pages ; _c16 cm. |
||
| 336 |
_2rdacontent _atext _btxt |
||
| 337 |
_2rdamedia _aunmediated _bn |
||
| 338 |
_2rdacarrier _avolume _bnc |
||
| 490 | 0 | _aBantam classic | |
| 650 | 7 |
_aYoung women _vFiction. _2BUEsh |
|
| 650 | 7 |
_aGuardian and ward _vFiction. _2BUEsh |
|
| 651 | 7 |
_aLondon (England) _vFiction. _2BUEsh |
|
| 653 |
_bHHUUEENN _cFebruary2022 |
||
| 655 |
_vReading book _934232 |
||
| 700 | 1 |
_aNabokov, Vladimir, _econtributor. |
|
| 942 |
_cBB _2ddc |
||
| 999 |
_c3211 _d3211 |
||